00354nam a2200145Ia 4500003000500000008004100005020001800046040001900064082000700083100004000090245002400130260003400154300000800188546001200196STCL181203s9999 xx 000 0 und d a9780571178568 aSTCLbENcSTCL 222 aKazantzakis, Nikos; Bien, P.A., Tr. 4aThe Last Temptation bFaber and FaberaLondonc2003 a589 aEnglish